IAS KAS aichika kannada mukhya pariksheya kaipidi: (Record no. 224650)
[ view plain ]
| 000 -LEADER | |
|---|---|
| fixed length control field | 02206nam a22002897a 4500 |
| 005 - DATE AND TIME OF LATEST TRANSACTION | |
| control field | 20220926122201.0 |
| 008 - FIXED-LENGTH DATA ELEMENTS--GENERAL INFORMATION | |
| fixed length control field | 220923b ||||| |||| 00| 0 eng d |
| 040 ## - CATALOGING SOURCE | |
| Transcribing agency | AL |
| 041 ## - LANGUAGE CODE | |
| Language code of text/sound track or separate title | kan |
| 082 ## - DEWEY DECIMAL CLASSIFICATION NUMBER | |
| Edition number | 23 |
| Classification number | 351.3K |
| Item number | MADI |
| 100 ## - MAIN ENTRY--PERSONAL NAME | |
| Personal name | Mali Maddanna: ಮಾಲಿ ಮದ್ದಣ್ಣ and others Ed |
| 100 ## - MAIN ENTRY--PERSONAL NAME | |
| 9 (RLIN) | 58503 |
| 245 ## - TITLE STATEMENT | |
| Title | IAS KAS aichika kannada mukhya pariksheya kaipidi: |
| Remainder of title | ಐಎಎಸ್ ಕೆಎಎಸ್ ಐಚ್ಚಿಕ ಕನ್ನಡ ಮುಖ್ಯ ಪರೀಕ್ಷೆಯ ಕೈಪಿಡಿ Patrike 1 |
| 250 ## - EDITION STATEMENT | |
| Edition statement | 3 |
| 260 ## - PUBLICATION, DISTRIBUTION, ETC. | |
| Place of publication, distribution, etc. | Bengaluru |
| Name of publisher, distributor, etc. | Hariprasad Publications |
| Date of publication, distribution, etc. | 2018 |
| 300 ## - PHYSICAL DESCRIPTION | |
| Extent | xxiv,288p. |
| Other physical details | PB |
| Dimensions | 24x18cm. |
| 365 ## - TRADE PRICE | |
| Source of price type code | Kannada |
| Price type code | BLCR-000079 |
| Price amount | 240.00 |
| Currency code | ₹ |
| Unit of pricing | 300.00 |
| Price note | 20% |
| Price effective from | 06-09-2022 |
| 520 ## - SUMMARY, ETC. | |
| Summary, etc. | ಕನ್ನಡ ಭಾಷೆಯ ಚರಿತ್ರೆ ಮತ್ತದರ ಲಕ್ಷಣಗಳು <br/>ಕನ್ನಡ ಸಾಹಿತ್ಯ ಚರಿತ್ರೆ <br/>ಕಾವ್ಯ ಮೀಮಾಂಸೆ <br/>ಕರ್ನಾಟಕ ಸಾಂಸ್ಕ್ರತಿಕ ಚರಿತ್ರೆ <br/>ಕರ್ನಾಟಕ ಧಾರ್ಮಿಕ ಚಳುವಳಿಗಳು <br/>ಕರ್ನಾಟಕದಲ್ಲಿ ಸ್ವಾತಂತ್ರ್ಯ ಚಳವಳಿ <br/>ಐ ಎ ಎಸ್ ಮುಖ್ಯ ಪರೀಕ್ಷೆಯ ಪ್ರಶ್ನೆಪತ್ರಿಕೆಗಳು <br/>ಕೆಎಎಸ್ ಮುಖ್ಯಪರೀಕ್ಷೆಯ ಪ್ರಶ್ನೆ ಪತ್ರಿಕೆಗಳು <br/>ಸಂಭವನೀಯ ಪ್ರಶ್ನೆಗಳು |
| 650 ## - SUBJECT ADDED ENTRY--TOPICAL TERM | |
| Topical term or geographic name entry element | Kannada Bhashe: ಕನ್ನಡ ಭಾಷೆ |
| 9 (RLIN) | 58357 |
| 650 ## - SUBJECT ADDED ENTRY--TOPICAL TERM | |
| Topical term or geographic name entry element | Kannada Sahitya Charitre: ಕನ್ನಡ ಸಾಹಿತ್ಯ ಚರಿತ್ರೆ |
| 9 (RLIN) | 58358 |
| 650 ## - SUBJECT ADDED ENTRY--TOPICAL TERM | |
| Topical term or geographic name entry element | Karnatka Samskratika Charitre: ಕರ್ನಾಟಕ ಸಾಂಸ್ಕ್ರತಿಕ ಚರಿತ್ರೆ |
| 9 (RLIN) | 58359 |
| 650 ## - SUBJECT ADDED ENTRY--TOPICAL TERM | |
| Topical term or geographic name entry element | Question Papers: ಪ್ರಶ್ನೆ ಪತ್ರಿಕೆಗಳು |
| 9 (RLIN) | 58365 |
| 650 ## - SUBJECT ADDED ENTRY--TOPICAL TERM | |
| Topical term or geographic name entry element | Competitive Exams: ಸ್ಪರ್ಧಾತ್ಮಕ ಪರೀಕ್ಷೆ |
| 9 (RLIN) | 58504 |
| 700 ## - ADDED ENTRY--PERSONAL NAME | |
| Personal name | MADDANNA (Mali): ಮದ್ದಣ್ಣ (ಮಾಲಿ) Ed |
| 9 (RLIN) | 58360 |
| 700 ## - ADDED ENTRY--PERSONAL NAME | |
| Personal name | SHIVARAMAYYA: ಶಿವರಾಮಯ್ಯ Ed |
| 9 (RLIN) | 58361 |
| 700 ## - ADDED ENTRY--PERSONAL NAME | |
| Personal name | PASHA (Mahamad Rafi): ಪಾಶ (ಮಹಮದ್ ರಫೀ) Ed |
| 9 (RLIN) | 58362 |
| 942 ## - ADDED ENTRY ELEMENTS (KOHA) | |
| Source of classification or shelving scheme | Dewey Decimal Classification |
| Koha item type | Book |
| Withdrawn status | Lost status | Source of classification or shelving scheme | Damaged status | Not for loan | Collection code | Home library | Current library | Shelving location | Date acquired | Source of acquisition | Cost, normal purchase price | Total Checkouts | Full call number | Barcode | Date last seen | Date last checked out | Cost, replacement price | Price effective from | Koha item type |
|---|---|---|---|---|---|---|---|---|---|---|---|---|---|---|---|---|---|---|---|
| Dewey Decimal Classification | Kannada | St Aloysius Library | St Aloysius Library | Stack Section | 09/16/2022 | Navakarnataka Publications Pvt.Ltd. | 240.00 | 1 | 351.3K MADI | 076061 | 08/21/2025 | 08/13/2025 | 300.00 | 09/23/2022 | Book |